[Event "Titled Tuesday intern op 02nd Apr Early"]
[Site "Chess.com INT"]
[Date "2024.04.02"]
[Round "10"]
[White "Shuvalov, Evgenij"]
[Black "Shymanskyi, Oleksandr"]
[Result "1-0"]
[WhiteElo "1993"]
[BlackElo "2284"]
[PlyCount "91"]
[EventDate "2024.04.02"]
[EventType "swiss (blitz)"]
[EventRounds "11"]
[EventCountry "USA"]
[SourceTitle "CB15_2024"]
[SourceDate "2024.04.10"]
[SourceVersion "1"]
[SourceVersionDate "2024.04.10"]
[SourceQuality "1"]

1. d4 Nf6 2. c4 e6 3. Nf3 d5 4. Nc3 Bb4 5. cxd5 exd5 6. Bg5 h6 7. Bh4 g5 8. Bg3 Ne4 9. Qc2 Bf5 10. Qb3 Nc6 11. e3 a5 12. Bb5 0-0 13. 0-0 Bxc3 14. bxc3 Bg4 15. Qc2 Bf5 16. Bd3 Bg6 17. Rab1 b6 18. Nd2 Nxd2 19. Qxd2 Bxd3 20. Qxd3 Ne7 21. c4 c6 22. cxd5 Nxd5 23. Rfc1 Rc8 24. a3 b5 25. e4 Nb6 26. d5 cxd5 27. Rxc8 Qxc8 28. Qxb5 Nc4 29. Qxd5 Rd8 30. Qf5 Qxf5 31. exf5 Nxa3 32. Rc1 Nc2 33. Kf1 Rd2 34. Bc7 a4 35. Ba5 Rd5 36. Bc3 Na3 37. Ra1 Nb5 38. Bb2 Rd2 39. Bc1 Rd1+ 40. Ke2 Rd5 41. Bb2 Rc5 42. Kd3 Rxf5 43. Rxa4 Rxf2 44. Rb4 Nd6 45. g4 Rxh2 46. Rb8+ 1-0

[Event "Titled Tuesday intern op 02nd Apr Early"]
[Site "Chess.com INT"]
[Date "2024.04.02"]
[Round "11"]
[White "Shymanskyi, Oleksandr"]
[Black "Teimouri Yadkuri, Shahdad"]
[Result "0-1"]
[WhiteElo "2284"]
[BlackElo "2201"]
[PlyCount "68"]
[EventDate "2024.04.02"]
[EventType "swiss (blitz)"]
[EventRounds "11"]
[EventCountry "USA"]
[SourceTitle "CB15_2024"]
[SourceDate "2024.04.10"]
[SourceVersion "1"]
[SourceVersionDate "2024.04.10"]
[SourceQuality "1"]

1. e4 c5 2. Nf3 e6 3. c3 d5 4. exd5 exd5 5. d4 Nf6 6. Be3 cxd4 7. Nxd4 Nc6 8. Be2 Bd6 9. Nd2 0-0 10. 0-0 Re8 11. h3 Ne5 12. N2f3 Ng6 13. Bd3 Nf4 14. Bc2 Ne4 15. Qc1 Qf6 16. Re1 Bxh3 17. g3 Ng6 18. Bxe4 dxe4 19. Nh2 Ne5 20. Qd1 Nd3 21. Re2 h5 22. Rd2 h4 23. Qh5 g6 24. Qxh4 Qxh4 25. gxh4 Kg7 26. Ne2 Rh8 27. Ng3 Bf5 28. Rad1 Rxh4 29. Nhf1 Rah8 30. Kg2 Bf4 31. Bxf4 Nxf4+ 32. Kg1 Bg4 33. Re1 Bf3 34. Rxe4 Rh1+ 0-1

[Event "Titled Tuesday intern op 12th Mar Early"]
[Site "Chess.com INT"]
[Date "2024.03.12"]
[Round "8"]
[White "Shymanskyi, Oleksandr"]
[Black "Hajiyev, Kanan"]
[Result "1-0"]
[WhiteElo "2284"]
[BlackElo "2104"]
[PlyCount "55"]
[EventDate "2024.03.12"]
[EventType "swiss (blitz)"]
[EventRounds "11"]
[EventCountry "USA"]
[SourceTitle "CB12_2024"]
[SourceDate "2023.10.01"]
[SourceVersion "1"]
[SourceVersionDate "2023.10.01"]
[SourceQuality "1"]

1. e4 c6 2. Nc3 d5 3. Nf3 a6 4. d4 Bg4 5. Be3 e6 6. h3 Bh5 7. g4 Bg6 8. exd5 cxd5 9. Ne5 Nc6 10. Nxg6 hxg6 11. Bg2 Nf6 12. a3 Bd6 13. Qd3 Qc7 14. 0-0-0 b5 15. Rhe1 b4 16. axb4 Nxb4 17. Qe2 Qa5 18. g5 Nd7 19. Kd2 Nb6 20. Ra1 Nc4+ 21. Qxc4 Qxa1 22. Rxa1 dxc4 23. Bxa8 Rxh3 24. Ne4 Be7 25. c3 Nd3 26. Bc6+ Kd8 27. Rxa6 Nxb2 28. Bf4 1-0

[Event "Titled Tuesday intern op 13th Feb Early"]
[Site "Chess.com INT"]
[Date "2024.02.13"]
[Round "11"]
[White "Jovic, Stanoje"]
[Black "Shymanskyi, Oleksandr"]
[Result "1/2-1/2"]
[WhiteElo "2097"]
[BlackElo "2284"]
[PlyCount "191"]
[EventDate "2024.02.13"]
[EventType "swiss (blitz)"]
[EventRounds "11"]
[EventCountry "USA"]
[SourceTitle "CB08_2024"]
[SourceDate "2024.02.21"]
[SourceVersion "1"]
[SourceVersionDate "2024.02.21"]
[SourceQuality "1"]

1. c4 e5 2. g3 Nf6 3. Bg2 c6 4. Nf3 e4 5. Nd4 d5 6. cxd5 Bc5 7. Nb3 Bb6 8. dxc6 Nxc6 9. Nc3 Bf5 10. 0-0 0-0 11. a4 Re8 12. a5 Nxa5 13. Nxa5 Bxa5 14. Qa4 Bb6 15. b4 h6 16. b5 Qd7 17. Qb3 Rad8 18. Na4 Bd4 19. Bb2 Bxb2 20. Nxb2 Qxd2 21. Rfe1 Be6 22. Qa3 Bd5 23. Rad1 Qg5 24. Qxa7 Ra8 25. Qd4 Red8 26. h4 Qf5 27. Na4 Rac8 28. Nc3 Qe6 29. f3 Bb3 30. Qxd8+ Rxd8 31. Rxd8+ Kh7 32. Kh2 exf3 33. Bxf3 Qe3 34. Rd3 Qf2+ 35. Bg2 Qxe1 36. Ne4 Nxe4 37. Bxe4+ g6 38. Rxb3 Qxe2+ 39. Bg2 Qe7 40. b6 h5 41. Rc3 Qd6 42. Rc7 Qxb6 43. Rxf7+ Kg8 44. Rxb7 Qf2 45. Rb4 Kh7 46. Rf4 Qd2 47. Kg1 Kh6 48. Rf2 Qe1+ 49. Bf1 Qe3 50. Kg2 g5 51. hxg5+ Kxg5 52. Rf3 Qe4 53. Bd3 Qd4 54. Be2 Qb2 55. Rf2 Qd4 56. Bf3 Qe3 57. Re2 Qc3 58. Re4 Qd2+ 59. Re2 Qd6 60. Kf2 h4 61. gxh4+ Kxh4 62. Re4+ Kg5 63. Rg4+ Kf5 64. Re4 Qd2+ 65. Re2 Qd4+ 66. Kg2 Qh4 67. Rf2 Kg5 68. Be2 Qe4+ 69. Kg1 Qe3 70. Kf1 Kh4 71. Rf3 Qc1+ 72. Kf2 Qc5+ 73. Kg2 Qg5+ 74. Kf1 Qc5 75. Rd3 Kg5 76. Bf3 Kf4 77. Be2 Qc1+ 78. Kg2 Qe1 79. Rf3+ Kg5 80. Rf2 Qb4 81. Bf3 Qc3 82. Re2 Kh4 83. Re4+ Kg5 84. Rg4+ Kf5 85. Re4 Qd2+ 86. Re2 Qg5+ 87. Kf1 Qg3 88. Rf2 Ke5 89. Bg2 Kd4 90. Re2 Kd3 91. Be4+ Kd4 92. Bg2 Qd3 93. Kf2 Qf5+ 94. Bf3 Qf4 95. Re4+ Qxe4 96. Bxe4 1/2-1/2

[Event "Titled Tuesday intern op 06th Feb Early"]
[Site "Chess.com INT"]
[Date "2024.02.06"]
[Round "4"]
[White "Radibratovic, Predrag"]
[Black "Shymanskyi, Oleksandr"]
[Result "1-0"]
[WhiteElo "2324"]
[BlackElo "2284"]
[PlyCount "91"]
[EventDate "2024.02.06"]
[EventType "swiss (blitz)"]
[EventRounds "11"]
[EventCountry "USA"]
[SourceTitle "CB07_2024"]
[SourceDate "2024.02.14"]
[SourceVersion "1"]
[SourceVersionDate "2024.02.14"]
[SourceQuality "1"]

1. d4 Nf6 2. Bg5 Ne4 3. Bf4 d5 4. Nd2 Bf5 5. e3 e6 6. Ngf3 Bd6 7. Bxd6 Qxd6 8. c3 Nd7 9. Nxe4 Bxe4 10. Bd3 Bxd3 11. Qxd3 0-0 12. 0-0 c5 13. a4 h6 14. h3 a6 15. Rfc1 Rac8 16. a5 Rfd8 17. Rd1 Qe7 18. Ra4 g6 19. Ne5 Nxe5 20. dxe5 c4 21. Qd4 Rc5 22. Rda1 Rb5 23. R1a2 Qd7 24. h4 h5 25. g3 Rxb2 26. Rxb2 Qxa4 27. Rxb7 Qxa5 28. Qf4 Rf8 29. Qd4 Qa1+ 30. Kg2 a5 31. Ra7 a4 32. Kf3 a3 33. Kf4 a2 34. Kg5 Qb1 35. Kh6 g5 36. e4 Qc1 37. hxg5 a1Q 38. Rxa1 Qxa1 39. Qe3 Rb8 40. Qf4 Kf8 41. g6 Qa7 42. Qf6 Ke8 43. g7 Kd7 44. Qxf7+ Kc6 45. Qxa7 Rg8 46. Qa6+ 1-0

[Event "Titled Tuesday intern op 06th Feb Early"]
[Site "Chess.com INT"]
[Date "2024.02.06"]
[Round "7"]
[White "Shymanskyi, Oleksandr"]
[Black "Babayeva, Nasrin"]
[Result "1-0"]
[WhiteElo "2284"]
[BlackElo "1793"]
[PlyCount "57"]
[EventDate "2024.02.06"]
[EventType "swiss (blitz)"]
[EventRounds "11"]
[EventCountry "USA"]
[SourceTitle "CB07_2024"]
[SourceDate "2024.02.14"]
[SourceVersion "1"]
[SourceVersionDate "2024.02.14"]
[SourceQuality "1"]

1. e4 e6 2. d4 d5 3. Nd2 h6 4. Ngf3 Nf6 5. Bd3 c5 6. c3 Nc6 7. e5 Nd7 8. 0-0 g5 9. h3 Qb6 10. dxc5 Bxc5 11. Qe2 Qc7 12. Nb3 Bb6 13. Nbd4 Ncxe5 14. Nb5 Qb8 15. Re1 Nxf3+ 16. Qxf3 a6 17. Nd4 0-0 18. Qh5 Ne5 19. Qxh6 Nxd3 20. Bxg5 Bd8 21. Bxd8 Rxd8 22. Qg5+ Kh7 23. Qxd8 Nxe1 24. Rxe1 Qf4 25. Re3 b5 26. Rf3 Qc1+ 27. Kh2 Bb7 28. Rxf7+ Kg6 29. Qf6+ 1-0

[Event "Titled Tuesday intern op 06th Feb Early"]
[Site "Chess.com INT"]
[Date "2024.02.06"]
[Round "3"]
[White "Shymanskyi, Oleksandr"]
[Black "Sisman, Gizem"]
[Result "1-0"]
[WhiteElo "2284"]
[BlackElo "1754"]
[PlyCount "75"]
[EventDate "2024.02.06"]
[EventType "swiss (blitz)"]
[EventRounds "11"]
[EventCountry "USA"]
[SourceTitle "CB07_2024"]
[SourceDate "2024.02.14"]
[SourceVersion "1"]
[SourceVersionDate "2024.02.14"]
[SourceQuality "1"]

1. e4 e6 2. Nc3 d5 3. Nf3 d4 4. Ne2 c5 5. c3 Nc6 6. d3 e5 7. g3 Bg4 8. Bg2 Qd7 9. h3 Bxf3 10. Bxf3 Bd6 11. g4 Nge7 12. Ng3 g6 13. g5 Nd8 14. h4 Ne6 15. Bg4 Nc6 16. Qe2 Qe7 17. Qf3 0-0-0 18. Bd2 Kb8 19. c4 Rdf8 20. Ne2 f6 21. Qh3 Ncd8 22. gxf6 Qxf6 23. Rf1 Rf7 24. 0-0-0 Rhf8 25. h5 g5 26. Bf5 h6 27. Bg6 Rc7 28. Ng3 Nf4 29. Qg4 Nde6 30. Bxf4 Qxf4+ 31. Qxf4 Rxf4 32. Nf5 Ng7 33. Nxd6 Rf3 34. Nf5 Nxf5 35. exf5 Kc8 36. Rfe1 Re7 37. Re2 Kd8 38. Rde1 1-0

[Event "Titled Tuesday intern op 12th Sep Early"]
[Site "Chess.com INT"]
[Date "2023.09.12"]
[Round "9"]
[White "Kanyamarala, Tarun"]
[Black "Shymanskyi, Oleksandr"]
[Result "0-1"]
[WhiteElo "2329"]
[BlackElo "2284"]
[PlyCount "88"]
[EventDate "2023.09.12"]
[EventType "swiss (blitz)"]
[EventRounds "11"]
[EventCountry "USA"]
[SourceTitle "EXT 2024"]
[Source "ChessBase"]
[SourceDate "2023.10.10"]
[SourceVersion "1"]
[SourceVersionDate "2023.10.10"]
[SourceQuality "1"]

1. Nf3 Nf6 2. g3 b6 3. Bg2 Bb7 4. 0-0 g6 5. Re1 Bg7 6. d4 c5 7. b3 cxd4 8. Nxd4 Bxg2 9. Kxg2 Nc6 10. Bb2 Nxd4 11. Qxd4 Nh5 12. Qxg7 Nxg7 13. Bxg7 Rg8 14. Bb2 f6 15. e4 d6 16. c4 Qd7 17. Nc3 Kf7 18. Rad1 a6 19. e5 fxe5 20. Rxe5 Qc6+ 21. Re4 b5 22. Kg1 bxc4 23. Rxc4 Qb7 24. Nd5 Rgc8 25. Rf4+ Kg8 26. Re4 e5 27. Nf6+ Kf7 28. Rxd6 Rd8 29. Rxd8 Rxd8 30. Bxe5 Rd1+ 31. Kg2 Re1 32. f3 Rxe4 33. Nxe4 Qd5 34. Bc3 Qd1 35. b4 Qc2+ 36. Kh3 Qxa2 37. Bd4 Kg8 38. Bc5 Qb3 39. Kg2 Qc2+ 40. Kh3 Qe2 41. Nf6+ Kg7 42. Bd4 Qxf3 43. Ne4+ Kg8 44. Nf6+ Kf7 0-1

[Event "Titled Tuesday intern op 12th Sep Late"]
[Site "Chess.com INT"]
[Date "2023.09.12"]
[Round "4"]
[White "Michalczak, Thomas"]
[Black "Shymanskyi, Oleksandr"]
[Result "1-0"]
[WhiteElo "2200"]
[BlackElo "2284"]
[PlyCount "57"]
[EventDate "2023.09.12"]
[EventType "swiss (blitz)"]
[EventRounds "11"]
[EventCountry "USA"]
[SourceTitle "EXT 2024"]
[Source "ChessBase"]
[SourceDate "2023.10.10"]
[SourceVersion "1"]
[SourceVersionDate "2023.10.10"]
[SourceQuality "1"]

1. e4 d5 2. exd5 Nf6 3. d4 Bg4 4. Bb5+ c6 5. Be2 Bxe2 6. Qxe2 cxd5 7. Nf3 Nc6 8. c3 e6 9. Bg5 Be7 10. Bxf6 Bxf6 11. 0-0 0-0 12. Nbd2 Rb8 13. a4 a6 14. Rfe1 b5 15. axb5 axb5 16. b4 Ne7 17. Nb3 Nf5 18. Nc5 Nd6 19. Ra6 Nc4 20. g3 Ra8 21. Rea1 Rxa6 22. Rxa6 Qc7 23. h4 g6 24. Kg2 h5 25. Nd2 Nd6 26. Nxe6 fxe6 27. Qxe6+ Rf7 28. Rxd6 Qxc3 29. Rd7 1-0

[Event "Titled Tuesday intern op 12th Sep Late"]
[Site "Chess.com INT"]
[Date "2023.09.12"]
[Round "5"]
[White "Sailer, Mike L"]
[Black "Shymanskyi, Oleksandr"]
[Result "1-0"]
[WhiteElo "2095"]
[BlackElo "2284"]
[PlyCount "147"]
[EventDate "2023.09.12"]
[EventType "swiss (blitz)"]
[EventRounds "11"]
[EventCountry "USA"]
[SourceTitle "EXT 2024"]
[Source "ChessBase"]
[SourceDate "2023.10.10"]
[SourceVersion "1"]
[SourceVersionDate "2023.10.10"]
[SourceQuality "1"]

1. d4 e5 2. dxe5 Nc6 3. Nf3 Qe7 4. Bf4 Qb4+ 5. Bd2 Qxb2 6. Nc3 Bb4 7. Rb1 Qxc3 8. Bxc3 Bxc3+ 9. Nd2 Nxe5 10. e3 Nf6 11. Bd3 d6 12. 0-0 0-0 13. Ne4 Nxe4 14. Bxe4 Rb8 15. Qe2 Be6 16. Rxb7 Rxb7 17. Bxb7 Bc4 18. Qd1 Rb8 19. Bd5 Bxf1 20. Kxf1 h5 21. h3 g6 22. f4 Nd7 23. Qd3 Bg7 24. Qxg6 Rf8 25. Qxh5 Nf6 26. Qf3 Re8 27. c4 Kf8 28. g4 Nd7 29. Bc6 Re7 30. Bxd7 Rxd7 31. Qa8+ Ke7 32. Qxa7 Bc3 33. Ke2 Bb4 34. Qd4 Bc5 35. Qe4+ Kd8 36. Qa8+ Ke7 37. e4 Rd8 38. Qd5 Re8 39. Kf3 Kf8 40. h4 Rc8 41. h5 c6 42. Qg5 Ra8 43. e5 Ra3+ 44. Ke4 dxe5 45. fxe5 Rc3 46. Qd8+ Kg7 47. Qf6+ Kf8 48. Qxc6 Rxc4+ 49. Kf5 Rc3 50. h6 Rc2 51. Qc8+ Ke7 52. Qc7+ Ke8 53. Qc6+ Ke7 54. Qf6+ Ke8 55. Qc6+ Ke7 56. h7 Rf2+ 57. Ke4 Re2+ 58. Kf4 Be3+ 59. Kf3 Rh2 60. Qf6+ Ke8 61. h8Q+ Rxh8 62. Qxh8+ Ke7 63. Kxe3 Kd7 64. Qf6 Ke8 65. Qc6+ Kf8 66. a4 Kg7 67. a5 Kh7 68. a6 Kg7 69. a7 Kh7 70. a8Q Kg7 71. Qaa6 f5 72. Qf6+ Kh7 73. Qb7+ Kg8 74. Qd8# 1-0

[Event "Titled Tuesday intern op 12th Sep Early"]
[Site "Chess.com INT"]
[Date "2023.09.12"]
[Round "7"]
[White "Shymanskyi, Oleksandr"]
[Black "Burmakin, Evgeniy"]
[Result "1-0"]
[WhiteElo "2284"]
[BlackElo "2179"]
[PlyCount "101"]
[EventDate "2023.09.12"]
[EventType "swiss (blitz)"]
[EventRounds "11"]
[EventCountry "USA"]
[SourceTitle "EXT 2024"]
[Source "ChessBase"]
[SourceDate "2023.10.10"]
[SourceVersion "1"]
[SourceVersionDate "2023.10.10"]
[SourceQuality "1"]

1. b3 e5 2. Bb2 Nc6 3. e3 a6 4. Nf3 e4 5. Nd4 Nxd4 6. Bxd4 c5 7. Bb2 d5 8. d3 Nf6 9. Nd2 exd3 10. Bxd3 Bd6 11. c4 Be6 12. cxd5 Bxd5 13. e4 Bc6 14. e5 Bxe5 15. Qe2 0-0 16. Bxe5 Re8 17. 0-0-0 Rxe5 18. Qxe5 Qxd3 19. Nc4 Qg6 20. Qg3 Qxg3 21. hxg3 Bxg2 22. Rhe1 b5 23. Ne3 Bf3 24. Rd2 g6 25. Rc2 Rc8 26. Kb2 Kg7 27. Rec1 Ne4 28. Nf1 Bg4 29. Nh2 Be6 30. Re1 Bd5 31. Ng4 f5 32. Ne3 Bf7 33. Nf1 c4 34. bxc4 bxc4 35. f3 c3+ 36. Kc1 Nd6 37. Re3 Nb5 38. a4 Nd4 39. Rh2 c2 40. Nd2 Rb8 41. Rd3 Nb3+ 42. Nxb3 Rxb3 43. Rxb3 Bxb3 44. a5 h5 45. f4 Kf6 46. Re2 g5 47. fxg5+ Kxg5 48. Re3 Ba4 49. Rf3 h4 50. gxh4+ Kxh4 51. Rf4+ 1-0

[Event "Titled Tuesday intern op 12th Sep Late"]
[Site "Chess.com INT"]
[Date "2023.09.12"]
[Round "2"]
[White "Shymanskyi, Oleksandr"]
[Black "Kushko, Dmitriy"]
[Result "0-1"]
[WhiteElo "2284"]
[BlackElo "2426"]
[PlyCount "88"]
[EventDate "2023.09.12"]
[EventType "swiss (blitz)"]
[EventRounds "11"]
[EventCountry "USA"]
[SourceTitle "EXT 2024"]
[Source "ChessBase"]
[SourceDate "2023.10.10"]
[SourceVersion "1"]
[SourceVersionDate "2023.10.10"]
[SourceQuality "1"]

1. b3 d5 2. Bb2 c6 3. e3 Nf6 4. f4 g6 5. Nf3 Bg7 6. h3 0-0 7. g4 a5 8. a4 Ne4 9. Bxg7 Kxg7 10. Nc3 Ng3 11. Rg1 Nxf1 12. Kxf1 Qd6 13. d4 Nd7 14. h4 b5 15. Kf2 b4 16. Ne2 Nf6 17. g5 Ng4+ 18. Rxg4 Bxg4 19. Qd2 f6 20. Rg1 Bxf3 21. Kxf3 fxg5 22. hxg5 e5 23. dxe5 Qxe5 24. Qd4 Rae8 25. Qxe5+ Rxe5 26. Rd1 c5 27. Ng3 Rxg5 28. e4 dxe4+ 29. Nxe4 Rgf5 30. Ke3 Rxf4 31. Nxc5 Rf3+ 32. Ke2 Rf2+ 33. Ke3 R8f3+ 34. Ke4 Rc3 35. Ne6+ Kf6 36. Nd4 h5 37. Re1 h4 38. Kd5 h3 39. Re6+ Kf7 40. Re4 h2 41. Rh4 g5 42. Rh7+ Kg6 43. Rh8 g4 44. Rg8+ Kh7 0-1

[Event "Titled Tuesday intern op 12th Sep Late"]
[Site "Chess.com INT"]
[Date "2023.09.12"]
[Round "6"]
[White "Shymanskyi, Oleksandr"]
[Black "Quirke, Jeffrey"]
[Result "1-0"]
[WhiteElo "2284"]
[BlackElo "2015"]
[PlyCount "69"]
[EventDate "2023.09.12"]
[EventType "swiss (blitz)"]
[EventRounds "11"]
[EventCountry "USA"]
[SourceTitle "EXT 2024"]
[Source "ChessBase"]
[SourceDate "2023.10.10"]
[SourceVersion "1"]
[SourceVersionDate "2023.10.10"]
[SourceQuality "1"]

1. e4 Nf6 2. Nc3 d5 3. e5 d4 4. exf6 dxc3 5. fxg7 cxd2+ 6. Qxd2 Bxg7 7. Qxd8+ Kxd8 8. Bd3 Nc6 9. Nf3 Nb4 10. Be4 f5 11. Bd3 Nxd3+ 12. cxd3 e5 13. Bd2 c6 14. Bc3 Re8 15. 0-0-0 Kc7 16. Rhe1 Bh6+ 17. Kc2 e4 18. dxe4 fxe4 19. Nd4 Bg4 20. Ra1 c5 21. Nb3 b6 22. Bd2 Bg7 23. Be3 Rad8 24. h3 Bf5 25. g4 Bg6 26. Rad1 Kc6 27. Nd2 b5 28. Nb3 c4 29. Na5+ Kc7 30. b3 cxb3+ 31. axb3 Rxd1 32. Rxd1 a6 33. Kb1 h5 34. Rc1+ Kd6 35. Rc6+ 1-0

[Event "Titled Tuesday intern op 12th Sep Early"]
[Site "Chess.com INT"]
[Date "2023.09.12"]
[Round "2"]
[White "Vlassov, Nikolai"]
[Black "Shymanskyi, Oleksandr"]
[Result "0-1"]
[WhiteElo "2283"]
[BlackElo "2284"]
[PlyCount "112"]
[EventDate "2023.09.12"]
[EventType "swiss (blitz)"]
[EventRounds "11"]
[EventCountry "USA"]
[SourceTitle "EXT 2024"]
[Source "ChessBase"]
[SourceDate "2023.10.10"]
[SourceVersion "1"]
[SourceVersionDate "2023.10.10"]
[SourceQuality "1"]

1. e4 d5 2. exd5 Nf6 3. Bb5+ Bd7 4. Bc4 Bg4 5. f3 Bc8 6. Nc3 Nbd7 7. Qe2 Nb6 8. Qd3 g6 9. Bb3 a6 10. Nge2 c6 11. dxc6 Qxd3 12. cxd3 bxc6 13. d4 Bg7 14. d3 0-0 15. Be3 Nfd5 16. Bf2 a5 17. 0-0 a4 18. Bc4 a3 19. b3 Nxc3 20. Nxc3 Rd8 21. Ne2 Nd5 22. Rad1 Bh6 23. Bxd5 cxd5 24. f4 Bg4 25. Rfe1 Bxe2 26. Rxe2 e6 27. g3 Rdc8 28. Kg2 Rc6 29. Be1 Bf8 30. Kf3 Rac8 31. Ke3 Rc2 32. Rxc2 Rxc2 33. Rd2 Rc1 34. Ke2 Bb4 35. Rd1 Rc2+ 36. Ke3 Bxe1 37. Rxe1 Rxa2 38. Rc1 Rb2 39. Rc8+ Kg7 40. Ra8 Rxb3 41. g4 Rb2 42. Rxa3 Rxh2 43. g5 h6 44. gxh6+ Rxh6 45. Ra7 Kf6 46. Rb7 Rh7 47. Kf3 Kf5 48. Ke3 Rh3+ 49. Ke2 f6 50. Rf7 Rh4 51. Ke3 Rxf4 52. Rxf6+ Kxf6 53. Kxf4 g5+ 54. Kg4 Kg6 55. Kf3 Kf5 56. Kg3 g4 0-1

[Event "Titled Tuesday intern op 05th Sep Early"]
[Site "Chess.com INT"]
[Date "2023.09.05"]
[Round "4"]
[White "Kopczynski, Michal"]
[Black "Shymanskyi, Oleksandr"]
[Result "1-0"]
[WhiteElo "2225"]
[BlackElo "2284"]
[PlyCount "65"]
[EventDate "2023.09.05"]
[EventType "swiss (blitz)"]
[EventRounds "11"]
[EventCountry "USA"]
[SourceTitle "EXT 2024"]
[Source "ChessBase"]
[SourceDate "2023.10.10"]
[SourceVersion "1"]
[SourceVersionDate "2023.10.10"]
[SourceQuality "1"]

1. e4 c5 2. d4 cxd4 3. c3 d3 4. Bxd3 Nc6 5. f4 d5 6. e5 Nh6 7. Nf3 Bf5 8. 0-0 Bxd3 9. Qxd3 e6 10. Kh1 Bc5 11. Be3 Bxe3 12. Qxe3 Nf5 13. Qd3 h5 14. Nbd2 h4 15. Nb3 Qb6 16. Nbd4 Ncxd4 17. Nxd4 Nxd4 18. cxd4 Rc8 19. f5 exf5 20. Qxf5 Qe6 21. Qg5 h3 22. Qxg7 hxg2+ 23. Qxg2 Rh6 24. Qg8+ Ke7 25. Qg5+ Kd7 26. Rf2 Rg6 27. Qf4 Rf8 28. Raf1 Rg4 29. Qc1 Rxd4 30. Qc5 Qg4 31. Rxf7+ Rxf7 32. Rxf7+ Ke6 33. Qe7# 1-0

[Event "Titled Tuesday intern op 01st Aug Early"]
[Site "Chess.com INT"]
[Date "2023.08.01"]
[Round "7"]
[White "Shymanskyi, Oleksandr"]
[Black "Panesar, Vedant"]
[Result "0-1"]
[WhiteElo "2284"]
[BlackElo "2391"]
[PlyCount "64"]
[EventDate "2023.08.01"]
[EventType "swiss (blitz)"]
[EventRounds "11"]
[EventCountry "USA"]
[SourceTitle "EXT 2024"]
[Source "ChessBase"]
[SourceDate "2023.10.10"]
[SourceVersion "1"]
[SourceVersionDate "2023.10.10"]
[SourceQuality "1"]

1. d4 Nf6 2. Nf3 d5 3. g3 c5 4. Bg2 cxd4 5. 0-0 h6 6. Nxd4 e5 7. Nb5 a6 8. N5c3 d4 9. Ne4 Nc6 10. Nxf6+ Qxf6 11. c3 Bc5 12. b4 Ba7 13. Bb2 0-0 14. cxd4 exd4 15. a3 Bg4 16. Nd2 Rfe8 17. Nf3 Rad8 18. Qd3 Ne5 19. Nxe5 Qxe5 20. Bf3 Bxf3 21. exf3 Qe2 22. Qxe2 Rxe2 23. Rab1 d3 24. Bc3 Rc8 25. Rbc1 Kh7 26. Kg2 Rc2 27. Rxc2 dxc2 28. Bd2 Rd8 29. Bc1 Rd1 30. Bb2 Bd4 31. Bxd4 Rxf1 32. Kxf1 c1Q+ 0-1

[Event "Titled Tuesday intern op 25th Jul Late"]
[Site "Chess.com INT"]
[Date "2023.07.25"]
[Round "5"]
[White "Skvortsov, Andrei"]
[Black "Shymanskyi, Oleksandr"]
[Result "1/2-1/2"]
[WhiteElo "2307"]
[BlackElo "2276"]
[PlyCount "146"]
[EventDate "2023.07.25"]
[EventType "swiss (blitz)"]
[EventRounds "11"]
[EventCountry "USA"]
[SourceTitle "EXT 2024"]
[Source "ChessBase"]
[SourceDate "2023.10.10"]
[SourceVersion "1"]
[SourceVersionDate "2023.10.10"]
[SourceQuality "1"]

1. d4 Nf6 2. c4 e6 3. Nf3 b6 4. g3 Bb7 5. Bg2 Bb4+ 6. Nbd2 0-0 7. 0-0 d6 8. Nb3 d5 9. Ne5 Bd6 10. f4 c6 11. c5 Bxe5 12. dxe5 Nfd7 13. Be3 Na6 14. cxb6 axb6 15. Bf2 c5 16. Rc1 Qb8 17. Nd2 f6 18. exf6 Nxf6 19. a3 d4 20. Qb3 Bd5 21. Nc4 b5 22. Bxd5 Nxd5 23. Ne5 Rd8 24. Rfd1 Qb6 25. Qf3 g6 26. h4 Nac7 27. b4 Nc3 28. bxc5 Qxc5 29. Rxd4 Nxe2+ 30. Kg2 Qxc1 31. Rxd8+ Rxd8 32. Qxe2 Rd2 33. Qe3 Qc2 34. h5 Nd5 35. Qa7 Rxf2+ 36. Qxf2 Qxf2+ 37. Kxf2 gxh5 38. Nc6 Nc3 39. Nd4 Kf7 40. Kf3 Kf6 41. Nc2 e5 42. Ne3 exf4 43. Kxf4 Ke6 44. Kg5 Nb1 45. Nc2 Kd5 46. Kxh5 Kc4 47. Kh6 Kc3 48. Ne3 Nxa3 49. g4 Kd3 50. Nd5 Kd4 51. Nb6 b4 52. g5 b3 53. Na4 Kc4 54. Kxh7 Kb4 55. Nb2 Kc3 56. g6 Kxb2 57. g7 Ka1 58. g8Q b2 59. Qg7 Ka2 60. Qf7+ Ka1 61. Qf6 Ka2 62. Qe6+ Ka1 63. Qe5 Ka2 64. Qd5+ Ka1 65. Qd4 Ka2 66. Qd5+ Ka1 67. Qe5 Ka2 68. Qe6+ Ka1 69. Qf6 Ka2 70. Qf2 Ka1 71. Qd4 Ka2 72. Qd2 Ka1 73. Qxb2+ Kxb2 1/2-1/2

[Event "Titled Tuesday intern op 25th Jul Early"]
[Site "Chess.com INT"]
[Date "2023.07.25"]
[Round "3"]
[White "Tqebuchava, Zurab"]
[Black "Shymanskyi, Oleksandr"]
[Result "1-0"]
[WhiteElo "2303"]
[BlackElo "2276"]
[PlyCount "147"]
[EventDate "2023.07.25"]
[EventType "swiss (blitz)"]
[EventRounds "11"]
[EventCountry "USA"]
[SourceTitle "EXT 2024"]
[Source "ChessBase"]
[SourceDate "2023.10.10"]
[SourceVersion "1"]
[SourceVersionDate "2023.10.10"]
[SourceQuality "1"]

1. e4 d5 2. exd5 Nf6 3. Bc4 Nxd5 4. Nc3 c6 5. Nf3 Bg4 6. h3 Bh5 7. 0-0 e6 8. Be2 Nf4 9. d3 Nxe2+ 10. Qxe2 Nd7 11. Qe3 Bc5 12. d4 Bb6 13. Na4 Bc7 14. Ne5 0-0 15. Re1 Nxe5 16. dxe5 Bg6 17. c3 Qh4 18. Nc5 Bb6 19. b4 a5 20. Qf4 Qxf4 21. Bxf4 axb4 22. cxb4 Bxc5 23. bxc5 Bd3 24. Re3 Bb5 25. a3 Ra4 26. Bg3 Rc4 27. Rd3 Rxc5 28. Rd7 Ba6 29. Rad1 Rd5 30. Kh2 Rxd1 31. Rxd1 Ra8 32. Rd7 h6 33. h4 h5 34. Bf4 b6 35. Be3 c5 36. Rd6 Rb8 37. a4 Bc4 38. a5 bxa5 39. Bxc5 a4 40. Rd7 Ra8 41. Ra7 Rxa7 42. Bxa7 a3 43. Bd4 a2 44. Kg3 Bd5 45. f3 Kh7 46. Kf4 Kg6 47. g4 Bc4 48. Bc3 Be2 49. Bd4 Kh7 50. Bc3 Kg8 51. Kg5 Bxf3 52. Kxh5 Kf8 53. Kg5 Ke8 54. h5 Kd7 55. Kf4 Bd1 56. Ba1 Kc6 57. Kg5 Kd5 58. Kf4 Kc4 59. Kg5 Kd3 60. Kh4 Kd2 61. g5 Bc2 62. h6 gxh6 63. gxh6 Kc1 64. Kg5 Kb1 65. Bd4 a1Q 66. Bxa1 Kxa1 67. Kf6 Kb2 68. Kxf7 Kc3 69. Kxe6 Kd4 70. Kf6 Kd5 71. e6 Kd6 72. e7 Kd7 73. Kf7 Bb3+ 74. Kf8 1-0